000 01420nam a2200301 a 4500
001 BRCA_4013
005 20190320204519.0
008 180110s2009----mx-a######---#000-0#spa-#
020 _a9786079537104
041 _aspager
044 _amx
050 4 _aTR647
_b.H84 2009
245 1 0 _aHugo Brehme
_by la revolución mexicana = und die Mexikanische Revolution
_cClaudia Cabrera Luna ... [et al.].
260 _aMéxico
_bServicio Alemán de Intercambio Académico : INAH
_c2009
300 _a151 p.
_bil. (algunas a color)
_c28 cm.
500 _aIncluye piezas de la colección Franz Mayer: p. 20, 86-87, 90, 95-97, 99-100, 102-105, 110-111, 114, 125, 128-129, 130-131
500 _aIncluye biografía de Ernst Hugo Brehme, información breve de autoras y autores del catálogo, así como de las instituciones participantes
500 _aCatálogo de la exposición realizada en el Museo Franz Mayer (Ciudad de México), 5 agosto - 3 octubre, 2010
500 _a2 ejemplares en Biblioteca y 1 en el Área de Investigación
504 _aBibliografía: p. [139-145]
546 _aTexto en: español y alemán
600 1 4 _aBrehme, Hugo
_d1882-1954
_95360
650 1 4 _aFotografía artística
_vExposiciones
_zMéxico
_95400
650 1 4 _aFotografía
_xRevolución Mexicana
_ySiglo XX
_910434
700 1 _aCabrera Luna, Claudia
_910435
740 0 _aHugo Brehme: und die Mexikanische Revolution
942 _2lcc
_cB
999 _c3739
_d3739